00321pab a2200121 454500008004000000100001700040245004000057260000900097300001000106362000900116650002600125773004800151180718b1988 xxu||||| |||| 00| 0 eng d aWood, Adrian aHow much unemployment is structural c1988 a71-81 aFeb. aUnemployment - Europe aOxford Bulletin of Economics and Statistics